000 00838nam a2200229Ii 4500
003 JO-AjNU
008 230605s9999||||xx |||||||||||||| ||und||
017 _a2008/7/2563
020 _a9957-16-359-1
040 _aJO-AjNU
_bara
_erda
_cJO-AjNU
041 _aara
050 1 4 _aK845.E44.M37.2009
100 3 _a مقابلة ، نبيل زيد,
_eauthor
_925368
245 0 0 _aالنظام القانوني لعقود خدمات المعلومات الإلكترونية في القانون الدولي الخاص
250 _aط1
264 3 1 _aعمان : دار الثقافة ، 2009
300 _a336ص
336 _atext
_btxt
_2rdacontent
337 _aunmediated
_bn
_2rdamedia
338 _avolume
_bnc
_2rdacarrier
650 4 _aالقانون الدولي الخاص -- خدمات المعلومات -- العقود
_925369
999 _aA9479
_c13047
_d13047